[Event "Nova College Chess Tournament"]
[Site "Haarlem NED"]
[Date "2011.07.01"]
[Round "1"]
[White "Sadler, Matthew D"]
[Black "De Roode, Peter"]
[Result "1-0"]
[WhiteTitle "GM"]
[WhiteElo "2625"]
[BlackElo "2256"]
[WhiteFideId "400173"]
[BlackFideId "1001140"]
[EventDate "2011.07.01"]

1. e4 e6 2. d4 d5 3. e5 c5 4. c3 Nc6 5. Nf3 Qb6 6. a3 Nge7 7. b4 cxd4 8. cxd4
Nf5 9. Bb2 Bd7 10. g4 Nfe7 11. Nc3 Na5 12. Nd2 Rc8 13. Rc1 Ng6 14. Ba1 Nc4 15.
Nxc4 dxc4 16. Ne4 a5 17. Bxc4 axb4 18. O-O bxa3 19. d5 exd5 20. Rb1 Qe6 21. Bxd5
Qxg4+ 22. Qxg4 Bxg4 23. Rxb7 Nf4 24. Bxf7+ Kd8 25. e6 Nxe6 26. h3 Rc4 27. Nd2
Rf4 28. hxg4 Rxg4+ 29. Kh1 Nf4 30. Nf3 Kc8 31. Ra7 Kb8 32. Ra4 Bd6 33. Rb1+ Kc7
34. Ra7+ Kc6 35. Nd4+ Kc5 36. Rb5# 1-0

[Event "Nova College Chess Tournament"]
[Site "Haarlem NED"]
[Date "2011.07.01"]
[Round "1"]
[White "De Saegher, Chris"]
[Black "Ikonnikov, Vyacheslav"]
[Result "0-1"]
[BlackTitle "GM"]
[WhiteElo "2180"]
[BlackElo "2553"]
[WhiteFideId "1004433"]
[BlackFideId "4100972"]
[EventDate "2011.07.01"]

1. d4 Nf6 2. Nf3 e6 3. g3 b5 4. Bg2 Bb7 5. O-O c5 6. Na3 Qb6 7. c4 b4 8. Nc2 a5
9. d5 Be7 10. Nh4 d6 11. e4 Nbd7 12. a3 O-O 13. dxe6 fxe6 14. Bh3 Kf7 15. Re1
Rfd8 16. Ne3 Nf8 17. Ng4 Nxe4 18. Nh6+ Ke8 19. Ng8 Rd7 20. Nxe7 Rxe7 21. Bg2 Nf6
22. Bxb7 Rxb7 23. Nf5 Rd8 24. axb4 axb4 25. Bg5 Kf7 26. Ne3 Ra7 27. Qf3 Rxa1 28.
Rxa1 Nd7 29. Ng4 Rf8 30. Nxf6 gxf6 31. Qh5+ Ke7 32. Bh6 Rf7 33. Ra8 Qb7 34. Rg8
Ne5 35. f4 Qf3 36. Qxf3 Nxf3+ 37. Kf2 Nd4 38. Bg7 e5 39. h4 exf4 40. gxf4 Ne6
41. Bh6 Nd4 42. Bg7 Nf5 43. Bh8 Nxh4 44. Ke3 Ke6 45. Re8+ Kf5 46. Rd8 Re7+ 47.
Kd3 Ng6 0-1

[Event "Nova College Chess Tournament"]
[Site "Haarlem NED"]
[Date "2011.07.02"]
[Round "2"]
[White "Haslinger, Stewart G"]
[Black "Van Beek, Alexander"]
[Result "1/2-1/2"]
[WhiteTitle "GM"]
[BlackTitle "IM"]
[WhiteElo "2548"]
[BlackElo "2324"]
[WhiteFideId "405248"]
[BlackFideId "1007262"]
[EventDate "2011.07.01"]

1. e4 e5 2. Nf3 Nc6 3. Nc3 Nf6 4. Bb5 Bd6 5. d3 a6 6. Ba4 h6 7. a3 O-O 8. g4 b5
9. Bb3 Nd4 10. g5 hxg5 11. Bxg5 Nxb3 12. cxb3 Be7 13. Rg1 Re8 14. Nxe5 Bb7 15.
Qf3 d5 16. O-O-O Qd6 17. Bf4 Qe6 18. exd5 Bxd5 19. Nxd5 Qxd5 20. Rxg7+ Kxg7 21.
Rg1+ Kh8 22. Qh3+ Nh7 23. Qf5 Rg8 24. Nxf7+ Qxf7 25. Qxf7 Rxg1+ 26. Kd2 Bg5 27.
Qxc7 Bxf4+ 28. Qxf4 Rf8 1/2-1/2

[Event "Nova College Chess Tournament"]
[Site "Haarlem NED"]
[Date "2011.07.02"]
[Round "2"]
[White "Klein, David"]
[Black "Sadler, Matthew D"]
[Result "0-1"]
[WhiteTitle "FM"]
[BlackTitle "GM"]
[WhiteElo "2366"]
[BlackElo "2625"]
[WhiteFideId "1003623"]
[BlackFideId "400173"]
[EventDate "2011.07.01"]

1. e4 e6 2. d4 d5 3. Nd2 h6 4. Ngf3 Nf6 5. e5 Nfd7 6. c3 c5 7. Bd3 Nc6 8. O-O g5
9. Bb1 b6 10. c4 g4 11. cxd5 exd5 12. e6 fxe6 13. Ne5 Ndxe5 14. dxe5 Rg8 15. Bh7
Rg7 16. Bc2 Qc7 17. Re1 Bb7 18. Nf1 Rg8 19. Ng3 Qf7 20. Be3 O-O-O 21. Qb1 h5 22.
Ne2 Nxe5 23. b4 d4 24. Bf4 Nf3+ 25. gxf3 gxf3+ 0-1

[Event "Nova College Chess Tournament"]
[Site "Haarlem NED"]
[Date "2011.07.02"]
[Round "3"]
[White "Haslinger, Stewart G"]
[Black "Schut, Lisa"]
[Result "1/2-1/2"]
[WhiteTitle "GM"]
[BlackTitle "WIM"]
[WhiteElo "2548"]
[BlackElo "2304"]
[WhiteFideId "405248"]
[BlackFideId "1019481"]
[EventDate "2011.07.01"]

1. e4 c5 2. Nf3 d6 3. d4 cxd4 4. Nxd4 Nf6 5. Nc3 a6 6. Be2 e5 7. Nb3 Be7 8. O-O
O-O 9. Re1 Be6 10. Bf3 Qc7 11. a4 h6 12. Be3 Nbd7 13. Nd2 Rfc8 14. h3 Bf8 15.
Qe2 Qc6 16. Red1 Be7 17. a5 Bd8 18. Nf1 b5 19. axb6 Bxb6 20. Qd2 Rab8 21. Bxb6
Nxb6 22. Qxd6 Qxd6 23. Rxd6 Nc4 24. Rdxa6 Rxb2 25. Ra8 Rxc2 26. Nd5 Rxa8 27.
Rxa8+ Kh7 28. Nxf6+ gxf6 29. Bg4 Bxg4 30. hxg4 Rc1 31. Rc8 Kg6 32. Rg8+ Kh7 33.
Rc8 Kg6 34. g3 h5 35. gxh5+ Kxh5 36. Rh8+ Kg6 37. Rg8+ Kh7 38. Rc8 Kg6 39. Rg8+
Kh7 40. Rc8 Kg6 41. Rc6 Kg5 42. Rc7 Kg6 43. Rc5 Kg5 44. Rc8 f5 45. exf5 Rc2 46.
Rc5 f6 47. Rc8 1/2-1/2

[Event "Nova College Chess Tournament"]
[Site "Haarlem NED"]
[Date "2011.07.02"]
[Round "3"]
[White "Sadler, Matthew D"]
[Black "Van Der Wiel, John T.H."]
[Result "1-0"]
[WhiteTitle "GM"]
[BlackTitle "GM"]
[WhiteElo "2625"]
[BlackElo "2451"]
[WhiteFideId "400173"]
[BlackFideId "1000020"]
[EventDate "2011.07.01"]

1. e4 e5 2. Nf3 Nc6 3. Bb5 a6 4. Ba4 Nf6 5. Qe2 b5 6. Bb3 Be7 7. c3 O-O 8. d3 d6
9. Nbd2 Be6 10. Bc2 Nh5 11. Nf1 g6 12. g3 Re8 13. Ne3 Bf6 14. h4 d5 15. exd5
Bxd5 16. Nxd5 Qxd5 17. O-O Re7 18. Ng5 Bxg5 19. Bxg5 Rd7 20. Rfe1 Ng7 21. Bf6
Rd6 22. Bxe5 Re8 23. d4 Nxe5 24. dxe5 Rde6 25. f4 R6e7 26. Bb3 Qc5+ 27. Qf2
Qxf2+ 28. Kxf2 Ne6 29. Rad1 Nc5 30. Bc2 Kg7 31. Rd5 Nd7 32. Red1 Nb6 33. Rd8 f6
34. exf6+ Kxf6 35. Rxe8 Rxe8 36. b3 Re6 37. Rd3 Rc6 38. Bd1 Nc8 39. Bf3 Rd6 40.
Ke2 Rxd3 41. Kxd3 Nd6 42. g4 c5 43. b4 cxb4 44. cxb4 Nc4 45. Bd5 Nd6 46. Be4 Ne8
47. Kd4 Nc7 48. Bb7 Ne6+ 49. Ke4 a5 50. bxa5 Nc5+ 51. Kf3 1-0

[Event "Nova College Chess Tournament"]
[Site "Haarlem NED"]
[Date "2011.07.02"]
[Round "4"]
[White "Roggeveen, Pieter"]
[Black "Van Den Doel, Erik"]
[Result "0-1"]
[BlackTitle "GM"]
[WhiteElo "2200"]
[BlackElo "2574"]
[WhiteFideId "1013238"]
[BlackFideId "1003720"]
[EventDate "2011.07.01"]

1. d4 Nf6 2. c4 e6 3. Nc3 Bb4 4. Qc2 Nc6 5. Nf3 d6 6. Bg5 h6 7. Bd2 e5 8. d5
Bxc3 9. Bxc3 Ne7 10. e4 O-O 11. Be2 Ne8 12. O-O-O f5 13. Nd2 fxe4 14. Nxe4 Bf5
15. Bd3 Qd7 16. f3 Nf6 17. Rhf1 Bxe4 18. Bxe4 Nxe4 19. fxe4 Qg4 20. g3 Qh3 21.
Qe2 b6 22. Bd2 Kh8 23. Rf3 Ng8 24. Rdf1 Rxf3 25. Rxf3 Nf6 26. Rf5 Qg4 27. Qxg4
Nxg4 28. Rf7 Rc8 29. h3 Kg8 30. Rf3 Nf6 31. Bxh6 Nxe4 32. Be3 c6 33. dxc6 Rxc6
34. b3 d5 35. Rf5 dxc4 36. bxc4 Nd6 37. Rg5 Nxc4 38. Bd2 Kf7 39. h4 Rd6 40. Bc3
Kf6 41. Kc2 b5 42. g4 g6 43. Kb3 Rd3 44. a4 Nd6 45. Kc2 Rxc3+ 46. Kxc3 Ne4+ 0-1

[Event "Nova College Chess Tournament"]
[Site "Haarlem NED"]
[Date "2011.07.02"]
[Round "4"]
[White "Ikonnikov, Vyacheslav"]
[Black "Beeke, Bob"]
[Result "1-0"]
[WhiteTitle "GM"]
[WhiteElo "2553"]
[BlackElo "2223"]
[WhiteFideId "4100972"]
[BlackFideId "1011634"]
[EventDate "2011.07.01"]

1. d4 d5 2. Nf3 Nf6 3. c4 c6 4. Nc3 e6 5. Bg5 h6 6. Bxf6 Qxf6 7. e3 Nd7 8. a3 g6
9. b4 Bg7 10. cxd5 exd5 11. b5 O-O 12. Be2 Qd6 13. Qb3 Nb6 14. bxc6 bxc6 15. Qb4
Rd8 16. Qxd6 Rxd6 17. Kd2 Be6 18. Rhc1 Rc8 19. Ba6 Rc7 20. Ke2 Rdd7 21. Rab1 Bf5
22. Bd3 Bxd3+ 23. Kxd3 f5 24. a4 Kf7 25. a5 Nc4 26. a6 Nb6 27. Ne2 Rd8 28. h4
Bf6 29. Nf4 Rdc8 30. Rc5 g5 31. hxg5 hxg5 32. Nh5 Nd7 33. Ra5 c5 34. Nxf6 Kxf6
35. Rb7 g4 36. Rxc7 Rxc7 37. Ng1 cxd4 38. exd4 Nb6 39. Rc5 Rxc5 40. dxc5 Na8 41.
Kd4 Nc7 42. Ne2 Nxa6 43. Kxd5 Nb4+ 44. Kd6 a5 45. Nc3 f4 46. c6 Na6 47. Ne4+ Kf5
48. Nc5 1-0

[Event "Nova College Chess Tournament"]
[Site "Haarlem NED"]
[Date "2011.07.02"]
[Round "4"]
[White "Kleijn, Christov"]
[Black "Sadler, Matthew D"]
[Result "1/2-1/2"]
[WhiteTitle "IM"]
[BlackTitle "GM"]
[WhiteElo "2429"]
[BlackElo "2625"]
[WhiteFideId "1013564"]
[BlackFideId "400173"]
[EventDate "2011.07.01"]

1. e4 e6 2. d4 d5 3. Nc3 Nf6 4. Bg5 dxe4 5. Nxe4 Be7 6. Bxf6 Bxf6 7. Nf3 Nd7 8.
Bd3 O-O 9. c3 b6 10. Qe2 Bb7 11. O-O-O c5 12. dxc5 Qe7 13. Nxf6+ Nxf6 14. cxb6
axb6 15. Bb1 Rfc8 16. Rhe1 Bd5 17. a3 g6 18. Rd4 Rxa3 19. bxa3 Rxc3+ 20. Kd2
Qxa3 21. Bd3 Qa5 22. Qe5 Rc5+ 23. Ke3 Nd7 24. Qd6 Bxf3 25. Kxf3 Qxe1 26. Qxd7
Qd1+ 27. Kg3 Rg5+ 28. Kh3 Rh5+ 29. Kg3 Rg5+ 30. Kh3 Rh5+ 31. Kg3 1/2-1/2

[Event "Nova College Chess Tournament"]
[Site "Haarlem NED"]
[Date "2011.07.03"]
[Round "5"]
[White "Neelotpal, Das"]
[Black "Zwirs, Nico"]
[Result "1/2-1/2"]
[WhiteTitle "GM"]
[WhiteElo "2453"]
[BlackElo "2125"]
[WhiteFideId "5003512"]
[BlackFideId "1036432"]
[EventDate "2011.07.01"]

1. d4 Nf6 2. c4 g6 3. g3 Bg7 4. Bg2 O-O 5. Nc3 d6 6. Nf3 Nc6 7. O-O a6 8. Qd3 e5
9. dxe5 dxe5 10. Qxd8 Rxd8 11. Bg5 Be6 12. Nd2 h6 13. Bxf6 Bxf6 14. Rfd1 Be7 15.
Nd5 Bd6 16. b3 Kg7 17. Ne4 Rac8 18. Rd3 Bf8 19. Rad1 f5 20. Nec3 Bd6 21. e3 Bf7
22. Nb6 Rb8 23. Bxc6 bxc6 24. Nca4 e4 25. R3d2 g5 26. c5 Bh5 27. cxd6 cxb6 28.
Rc1 c5 29. h3 Kf6 30. b4 Be8 31. Nc3 cxb4 32. Nd5+ Ke5 33. Nxb4 Rxd6 34. Rxd6
Kxd6 35. Nxa6 Rb7 36. Rd1+ Ke7 37. Nb4 Ke6 38. Rd8 Ke7 39. Rd4 Ke6 40. Rd8 Ke7
41. Ra8 Bf7 42. Nc6+ Kf6 43. Nd4 Rc7 44. a4 Rc1+ 45. Kh2 f4 46. gxf4 gxf4 47.
Ra6 fxe3 48. Rxb6+ Kg5 49. fxe3 Re1 50. Rb5+ Kf6 51. Rb6+ Kg5 52. Rb5+ Kf6 53.
Nf5 Be8 54. Ra5 Bxa4 55. Nxh6 Bd7 56. Ng4+ Bxg4 57. hxg4 Rxe3 1/2-1/2

[Event "Nova College Chess Tournament"]
[Site "Haarlem NED"]
[Date "2011.07.03"]
[Round "5"]
[White "Van Den Doel, Erik"]
[Black "Kleijn, Christov"]
[Result "1-0"]
[WhiteTitle "GM"]
[BlackTitle "IM"]
[WhiteElo "2574"]
[BlackElo "2429"]
[WhiteFideId "1003720"]
[BlackFideId "1013564"]
[EventDate "2011.07.01"]

1. e4 c5 2. Nf3 d6 3. d4 cxd4 4. Qxd4 Nc6 5. Bb5 Bd7 6. Bxc6 Bxc6 7. c4 Nf6 8.
Nc3 e6 9. O-O Be7 10. Qd3 b6 11. b3 O-O 12. Ba3 Qc7 13. Nd4 Bb7 14. Ndb5 Qc6 15.
f3 Rfd8 16. Rad1 Ne8 17. f4 a6 18. Nd4 Qd7 19. f5 e5 20. f6 Nxf6 21. Nf5 Bf8 22.
Qg3 Qe6 23. Bxd6 Nh5 24. Qf2 Nf4 25. Bxf8 Kxf8 26. Qh4 Qf6 27. Qxf6 gxf6 28. Ne3
b5 29. Ncd5 bxc4 30. bxc4 Rd6 31. Rb1 Ra7 32. Rb3 Ne2+ 33. Kf2 Nd4 34. Rb2 Ne6
35. Rfb1 Nc5 36. Kf3 Rd8 37. Rb6 Bc8 38. Nxf6 Be6 39. Rc6 Na4 40. Nfd5 Bd7 41.
Rh6 Kg7 42. Rd6 Nc5 43. g4 Ne6 44. Nf5+ Kf8 45. Nf6 Nd4+ 46. Nxd4 exd4 47. c5
Ke7 48. Nd5+ Ke8 49. c6 Bxg4+ 50. Kxg4 f5+ 51. Kxf5 Rxd6 52. Rb8+ Kf7 53. c7
Rxd5+ 54. exd5 Rxc7 55. Ke4 Rc2 56. Rb7+ Kf6 57. Rxh7 Rxa2 58. d6 Rg2 59. d7 Rg8
60. Kxd4 Ke6 61. Kc5 a5 62. Kc6 a4 63. Kc7 Ra8 64. Rh6+ Ke7 65. d8=Q+ 1-0

[Event "Nova College Chess Tournament"]
[Site "Haarlem NED"]
[Date "2011.07.03"]
[Round "6"]
[White "De Saegher, Chris"]
[Black "Neelotpal, Das"]
[Result "0-1"]
[BlackTitle "GM"]
[WhiteElo "2180"]
[BlackElo "2453"]
[WhiteFideId "1004433"]
[BlackFideId "5003512"]
[EventDate "2011.07.01"]

1. d4 d5 2. c4 c6 3. Nf3 Nf6 4. cxd5 cxd5 5. Nc3 Nc6 6. Bf4 Ne4 7. e3 Nxc3 8.
bxc3 g6 9. Bb5 Bg7 10. Ne5 Bd7 11. Nxd7 Qxd7 12. Qa4 Rc8 13. O-O a6 14. Be2 O-O
15. Rab1 Rfd8 16. Qa3 e5 17. Bg5 Re8 18. Rb2 b5 19. Rfb1 exd4 20. cxd4 Qf5 21.
Bh4 Nxd4 22. Bd3 Qh5 23. Bg3 Rc3 24. Qxc3 Nf3+ 25. gxf3 Bxc3 26. Rc2 d4 27. Be4
Rxe4 28. fxe4 Qf3 29. exd4 Qxe4 30. Rbc1 b4 31. Be5 Qg4+ 32. Kf1 Qh3+ 33. Kg1 a5
34. a3 h5 35. axb4 axb4 36. Re2 Qg4+ 37. Kf1 Qh3+ 38. Kg1 b3 39. Bf6 Qg4+ 40.
Kf1 Qh3+ 41. Kg1 Kh7 42. Re3 b2 43. Rexc3 Qg4+ 44. Kf1 bxc1=Q+ 45. Rxc1 Qf3 46.
Bg5 Qd3+ 47. Kg2 Qxd4 48. Be3 Qe4+ 49. Kg1 Qg4+ 50. Kf1 Qh3+ 51. Kg1 Qg4+ 52.
Kf1 h4 53. Rc5 h3 54. Ke1 Qg1+ 55. Ke2 Qxh2 56. Rg5 f6 57. Rg4 g5 58. Bd4 Kg6
59. Bb6 Qe5+ 60. Kf1 Qa1+ 61. Ke2 h2 0-1

[Event "Nova College Chess Tournament"]
[Site "Haarlem NED"]
[Date "2011.07.03"]
[Round "6"]
[White "Schut, Lisa"]
[Black "Van Den Doel, Erik"]
[Result "1/2-1/2"]
[WhiteTitle "WIM"]
[BlackTitle "GM"]
[WhiteElo "2304"]
[BlackElo "2574"]
[WhiteFideId "1019481"]
[BlackFideId "1003720"]
[EventDate "2011.07.01"]

1. e4 e5 2. Nf3 Nc6 3. Bb5 a6 4. Ba4 Nf6 5. O-O Be7 6. Re1 b5 7. Bb3 d6 8. c3
O-O 9. h3 h6 10. d4 Re8 11. Nbd2 Bf8 12. Nf1 Bb7 13. Ng3 Na5 14. Bc2 Nc4 15. a4
d5 16. exd5 exd4 17. Rxe8 Qxe8 18. Nxd4 Bxd5 19. axb5 axb5 20. Rxa8 Qxa8 21. Nh5
Nxh5 22. Qxh5 Qe8 23. Qd1 Nd6 24. Bf4 c6 25. f3 Qe7 26. Kh2 Qf6 27. Bg3 Nc4 28.
Qd3 g6 29. b3 Na3 30. Bd1 Bd6 31. Bxd6 Qxd6+ 32. Kg1 b4 33. Be2 c5 34. Nc2 Nxc2
35. Qxc2 Qe6 36. c4 Qe3+ 37. Kf1 Be6 38. Qd3 Qe5 39. Kf2 Kg7 40. Qe3 Qd6 41. Bd3
g5 42. Be4 Kf6 43. h4 Qe5 44. hxg5+ hxg5 45. Qd3 Qd4+ 46. Ke2 Ke5 47. g3 Qxd3+
48. Kxd3 f5 49. Bb7 Bf7 50. Bc6 Bg6 51. Kd2 f4 52. g4 Kd4 53. Bd5 Bd3 54. Be6
Bg6 55. Bd5 Be8 56. Be4 Bd7 57. Bd5 Be8 58. Be4 Bf7 59. Bc6 Bg6 60. Bd5 Bb1 61.
Bc6 Bg6 62. Bd5 Bd3 63. Bc6 Bg6 64. Bd5 Bh7 65. Be6 Bd3 66. Bd5 Bg6 1/2-1/2

[Event "Nova College Chess Tournament"]
[Site "Haarlem NED"]
[Date "2011.07.03"]
[Round "6"]
[White "Sadler, Matthew D"]
[Black "Haslinger, Stewart G"]
[Result "1-0"]
[WhiteTitle "GM"]
[BlackTitle "GM"]
[WhiteElo "2625"]
[BlackElo "2548"]
[WhiteFideId "400173"]
[BlackFideId "405248"]
[EventDate "2011.07.01"]

1. e4 e5 2. Nf3 d6 3. d4 exd4 4. Nxd4 Nf6 5. Nc3 Be7 6. g3 Nc6 7. Nde2 d5 8.
exd5 Nb4 9. Bg2 Bf5 10. Nd4 Bg4 11. Qd2 Nbxd5 12. Nxd5 Nxd5 13. O-O O-O 14. c4
Bb4 15. Qc2 Ne7 16. Be3 Qd7 17. c5 c6 18. Nb3 a5 19. a3 a4 20. axb4 axb3 21.
Qxb3 Nd5 22. b5 Bh3 23. Rxa8 Rxa8 24. bxc6 bxc6 25. Bxh3 Qxh3 26. Qb7 Qc8 27.
Qxc8+ Rxc8 28. Ra1 Nxe3 29. fxe3 Kf8 30. Ra6 Ke7 31. Kf2 Ke6 32. e4 Rc7 33. Ke3
Ke5 34. Rb6 h5 35. Rb8 g5 36. Rg8 Kf6 37. Kd4 Rb7 38. Kc3 Re7 39. Rc8 Re6 40.
Kd4 h4 41. Rc7 Kg7 42. b4 Rf6 43. e5 Rf2 44. e6 Rxh2 45. Rxf7+ Kg6 46. gxh4 gxh4
47. Ke5 Rd2 48. Rf4 Rd5+ 49. Ke4 Rd1 50. Rxh4 Re1+ 51. Kd4 Rxe6 52. Rf4 Kg7 53.
b5 cxb5 54. Kd5 Re1 55. c6 Rc1 56. Kd6 Rd1+ 57. Kc5 Rb1 58. c7 Rc1+ 59. Kb6 1-0